| 000 | 00558nam a22001937a 4500 | ||
|---|---|---|---|
| 003 | CEME | ||
| 005 | 20210628210640.0 | ||
| 008 | 210211b xxu||||| |||| 00| 0 eng d | ||
| 020 | _a81-203-1018-7 | ||
| 040 | _c. | ||
| 082 | _a621.381 WIL | ||
| 100 |
_aWilson, J Hawkes, J.F.B _980339 |
||
| 245 | _aOptoelectronics an introduction | ||
| 250 | _a2ND | ||
| 260 |
_aNEW DELHI _bPRENTICE HALL _c1999 |
||
| 300 | _aXIV,470P | ||
| 650 |
_aDISPLAY DEVICES LASERS PHOTODETECTORS FIBER OPTICAL WAVEGUIDE OPTICAL COMMUNICATION SYSTEMS _980340 |
||
| 942 |
_cBK _2ddc |
||
| 999 |
_c585292 _d585292 |
||